[Event "GRE-ch U14 Girls"]
[Site "Thessaloniki"]
[Date "2022.08.19"]
[Round "2"]
[White "Tsapaki, Asimenia"]
[Black "Karanasou, Ourania Fanouria"]
[Result "1-0"]
[WhiteElo "1479"]
[BlackElo "1078"]
[PlyCount "81"]
[EventDate "2022.08.18"]
[EventType "swiss"]
[EventRounds "7"]
[EventCountry "GRE"]
[SourceTitle "EXT 2024"]
[Source "ChessBase"]
[SourceDate "2023.10.10"]
[SourceVersion "1"]
[SourceVersionDate "2023.10.10"]
[SourceQuality "1"]

1. c4 c6 2. Nf3 d5 3. e3 Bg4 4. d4 e6 5. Nc3 Nf6 6. Be2 Bd6 7. 0-0 0-0 8. b3 b6 9. Bb2 Nbd7 10. Rc1 Rc8 11. Nh4 Bxe2 12. Qxe2 Ne4 13. Nf3 Nxc3 14. Rxc3 Nf6 15. Rfc1 Qd7 16. R3c2 h6 17. c5 Bb8 18. cxb6 axb6 19. Qa6 Qa7 20. Qxa7 Bxa7 21. Rxc6 Ra8 22. a4 Rfb8 23. Ne5 Re8 24. f3 Rad8 25. Ba3 Nd7 26. Rc7 Nxe5 27. Rxa7 Ng6 28. Rcc7 Ra8 29. Rxf7 Rxa7 30. Rxa7 Rc8 31. Ra6 Rc3 32. Rxb6 Rxe3 33. a5 Nf4 34. a6 g5 35. a7 Re1+ 36. Kf2 Re2+ 37. Kf1 Rxg2 38. a8Q+ Kf7 39. Rb7+ Kg6 40. Qe8+ Kf5 41. Qf7# 1-0